| 000 | 00477nam a2200181Ia 4500 | ||
|---|---|---|---|
| 001 | 24846 | ||
| 005 | 20260414151110.0 | ||
| 008 | 260414t2009||||xx |||||||||||||| ||spa|| | ||
| 041 | _aESP | ||
| 082 |
_a346 _bI45 |
||
| 100 |
_aSoria Aguilar, Alfredo F. (comp.) _eAUT |
||
| 245 | 0 |
_aEl impacto de la innovaciones tecnológicas en el derecho privado _b |
|
| 260 | _c2009 | ||
| 300 |
_a431 páginas : _c24 cm. |
||
| 650 | _aDER | ||
| 654 | _aCDE | ||
| 942 |
_cLIB _dJUS _fJUS _2ddc _n |
||
| 999 |
_c24846 _d24846 |
||